000 01291nam a22002777a 4500
005 20170410145128.0
008 140714b xxu||||| |||| 00| 0 Urdu d
010 _aUR-117 B-547997 B-665894
020 _a9789350732205
_c160.00
035 _aU-117 B-547997 B-665894
037 _bBPPD/Pub/Ven
037 _bPansy Books(Vender)/Edu.pub. House(Pub.)
040 _aDPL
_bUrdu
082 _a841
100 _aحبيب سيفی
245 _aد ر حشند ہ ستا ر ے
_cحبيب سيفی
246 _aDarakhshenda Sitarey
_bby Habib Saifi
260 _aد ھلی
_bا يجو کيشنل پبليشنگ ہا ؤس
_c2013
260 _bPansy Books(Vender)
270 _a3108،و کيل اسٹر يٹ ،کو چہ پنڈ ت ،لال کنو ا ن
_bد ھلی
_e110006
_k23216162،23214465
270 _aR2,/66/A Somesh Vihar,Chhawala
_bNew Delhi
_e110071
_k01125317355
300 _a160ص
_c22Cm (Hb)
942 _2ddc
_cUR
_e
_h840
_mح ب ی
999 _c87350
_d87350